<?xml version="1.0" encoding="UTF-8"?><?xml-stylesheet type="text/xsl" href="static/style.xsl"?><OAI-PMH xmlns="http://www.openarchives.org/OAI/2.0/" xmlns:xsi="http://www.w3.org/2001/XMLSchema-instance" xsi:schemaLocation="http://www.openarchives.org/OAI/2.0/ http://www.openarchives.org/OAI/2.0/OAI-PMH.xsd"><responseDate>2026-04-14T03:44:42Z</responseDate><request verb="GetRecord" identifier="oai:www.recercat.cat:2072/445334" metadataPrefix="marc">https://recercat.cat/oai/request</request><GetRecord><record><header><identifier>oai:recercat.cat:2072/445334</identifier><datestamp>2025-12-05T21:27:43Z</datestamp><setSpec>com_2072_98</setSpec><setSpec>col_2072_378196</setSpec></header><metadata><record xmlns="http://www.loc.gov/MARC21/slim" xmlns:dcterms="http://purl.org/dc/terms/" xmlns:xsi="http://www.w3.org/2001/XMLSchema-instance" xmlns:doc="http://www.lyncode.com/xoai" xsi:schemaLocation="http://www.loc.gov/MARC21/slim http://www.loc.gov/standards/marcxml/schema/MARC21slim.xsd">
   <leader>00925njm 22002777a 4500</leader>
   <datafield ind2=" " ind1=" " tag="042">
      <subfield code="a">dc</subfield>
   </datafield>
   <datafield ind2=" " ind1=" " tag="720">
      <subfield code="a">Abrego Montenegro, Karen</subfield>
      <subfield code="e">author</subfield>
   </datafield>
   <datafield ind2=" " ind1=" " tag="720">
      <subfield code="a">Universitat Autònoma de Barcelona. Facultat de Ciències de la Comunicació</subfield>
      <subfield code="e">author</subfield>
   </datafield>
   <datafield ind2=" " ind1=" " tag="260">
      <subfield code="c">2020</subfield>
   </datafield>
   <datafield ind2=" " ind1=" " tag="520">
      <subfield code="a">El Fonamupp és una organització del Tercer Sector conformada per militants de diferents partits amb l'objectiu de defensar els drets polítics de les dones. La investigació proposa, a partir de l'autonomia en l'ús de la tecnologia, una gestió organitzada del seu ecosistema digital per augmentar la visibilitat de les dones polítiques. Es pretén amplificar el seu ja existent, però poc actiu, perfil a les xarxes socials per tal de connectar i generar aliances amb altres veus interessades en la transformació de les formes hegemòniques de participació política.</subfield>
   </datafield>
   <datafield ind2=" " ind1=" " tag="520">
      <subfield code="a">El Fonamupp es una organización del Tercer Sector, conformado por militantes de distintos partidos cuyo objetivo es defender los derechos políticos de las mujeres. La investigación propone, a partir de la autonomía en el uso de la tecnología, una gestión organizada de su ecosistema digital para aumentar la visibilidad de las mujeres políticas. Se pretende amplificar su ya existente, pero poco activa, perfil en las redes sociales a fin de conectar y generar alianzas con otras voces interesadas en la transformación de las formas hegemónicas de participación política.</subfield>
   </datafield>
   <datafield ind2=" " ind1=" " tag="520">
      <subfield code="a">Fonamupp is an organization of the Third Sector, made up of members of different parties whose objective is to defend the political rights of women. The research proposes, based on the autonomy in the use of technology, an organized management of its digital ecosystem to increase the visibility of women politicians. The aim is to amplify their already existing, but not very active, profile in social media in order to connect and generate alliances with other voices interested in the transformation of hegemonic forms of political participation.</subfield>
   </datafield>
   <datafield tag="653" ind2=" " ind1=" ">
      <subfield code="a">Panamà</subfield>
   </datafield>
   <datafield tag="653" ind2=" " ind1=" ">
      <subfield code="a">Empoderament</subfield>
   </datafield>
   <datafield tag="653" ind2=" " ind1=" ">
      <subfield code="a">Comunicació</subfield>
   </datafield>
   <datafield tag="653" ind2=" " ind1=" ">
      <subfield code="a">Política</subfield>
   </datafield>
   <datafield tag="653" ind2=" " ind1=" ">
      <subfield code="a">Dones</subfield>
   </datafield>
   <datafield tag="653" ind2=" " ind1=" ">
      <subfield code="a">Fonamupp</subfield>
   </datafield>
   <datafield ind2="0" ind1="0" tag="245">
      <subfield code="a">Del silencio al empoderamiento comunicacional : una propuesta de gestión digital para el Foro Nacional de Mujeres de Partidos Políticos de Panamá</subfield>
   </datafield>
</record></metadata></record></GetRecord></OAI-PMH>